000 00511nam a2200169Ia 4500
005 20250326140939.0
008 250326s9999 xx 000 0 und d
037 _aTextbook
040 _aFMSL
_beng
_cFMSL
041 _aeng
_2eng
084 _aX9W.4 N8
_qFMSL
100 _aKanungo R N
_9742736
245 0 _aEnterpreneurship and innovation: Models for development
_cKanungo R N
260 _aNew Delhi
_bNew Delhi, Sage publications
_c1998
942 _cTB
_hX9W.4 N8
999 _c1287990
_d1287990